Trh určuje cenu cukrovej repy
Vedúci pracovníci najväčšieho cukrovaru na Slovensku, akciovej spoločnosti Juhocukor v Dunajskej Strede, o dôvodoch úpravy súčasnej zmluvy na dodávku cukrovej repy pre kampaň 1997. Vzrast produktivity pestovania cukrovej repy. Podľa výhľadu na cukrovarnícky rok 1997/1998 opäť rekordný rok s prebytko...
Gespeichert in:
| 1. Verfasser: | |
|---|---|
| Weitere Verfasser: | , |
| Format: | Buchkapitel |
| Sprache: | Slowakisch |
| Schlagworte: | |
| Tags: |
Keine Tags, Fügen Sie das erste Tag hinzu!
|
MARC
| LEADER | 00000naa a2200000 4500 | ||
|---|---|---|---|
| 001 | r027661 | ||
| 005 | 20230824091327.4 | ||
| 041 | 0 | |a slo | |
| 044 | |a SK | ||
| 245 | 1 | 0 | |a Trh určuje cenu cukrovej repy |c R. Straka, R. Chalás, Z. Kántor |
| 520 | |a Vedúci pracovníci najväčšieho cukrovaru na Slovensku, akciovej spoločnosti Juhocukor v Dunajskej Strede, o dôvodoch úpravy súčasnej zmluvy na dodávku cukrovej repy pre kampaň 1997. Vzrast produktivity pestovania cukrovej repy. Podľa výhľadu na cukrovarnícky rok 1997/1998 opäť rekordný rok s prebytkom cukru. Ďalší vývoj a. s. Juhocukor. | ||
| 610 | 2 | 0 | |a Slovensko |
| 610 | 2 | 0 | |a 1997 |
| 610 | 2 | 0 | |a priemysel cukrovarnícky |
| 610 | 2 | 0 | |a cukor |
| 610 | 2 | 0 | |a Juhocukor, a.s. Dunajská Streda |
| 610 | 2 | 0 | |a repa cukrová |
| 100 | 1 | |a Straka, R. | |
| 700 | 1 | |a Chalás, R. | |
| 700 | 1 | |a Kántor, Z. | |